Kto strzelił więcej bramek? #1 - Statystyki

Ogólne statystyki
  • Ten quiz został rozwiązany 2 341 razy
  • Średni wynik to 10 z 15
Statystyki odpowiedzi
Zagadnienie Odpowiedź % Poprawnych
Kto strzelił więcej bramek? Robert Lewandowski
100%
Kto strzelił więcej bramek? Asmir Begovic
95%
Kto strzelił więcej bramek? Cristiano Ronaldo
95%
Kto strzelił więcej bramek? Ángel Di María
91%
Kto strzelił więcej bramek? Luis Suárez
91%
Kto strzelił więcej bramek? Alexandre Lacazette
82%
Kto strzelił więcej bramek? Ronaldo Luís Nazário de Lima
82%
Kto strzelił więcej bramek? Ivan Rakitic
55%
Kto strzelił więcej bramek? Arkadiusz Milik
50%
Kto strzelił więcej bramek? Miroslav Radovic
50%
Kto strzelił więcej bramek? Nemanja Nikolics
50%
Kto strzelił więcej bramek? Raheem Sterling
50%
Kto strzelił więcej bramek? Ronaldinho Gaúcho
36%
Kto strzelił więcej bramek? N'Golo Kanté
32%
Kto strzelił więcej bramek? Michał Pazdan
23%
Nie znaleziono quizów pasujących do podanych kryteriów
Rozkład punktacji
Procent ludzi z każdym wynikiem
Percentyl według liczby udzielonych odpowiedzi
Twoja historia wyników
Nie rozwiązałeś tego quizu